[Event "GRE-ch Online Blitz op 1st"]
[Site "Tornelo INT"]
[Date "2021.02.07"]
[Round "6"]
[White "Antonoglou, Christos"]
[Black "Kiryttopoulos, Panagiotis Aris"]
[Result "1-0"]
[WhiteElo "1845"]
[BlackElo "1206"]
[PlyCount "155"]
[EventDate "2021.02.07"]
[EventType "swiss (blitz)"]
[EventRounds "16"]
[EventCountry "GRE"]
[SourceTitle "EXT 2023"]
[Source "ChessBase"]
[SourceDate "2022.10.05"]
[SourceVersion "1"]
[SourceVersionDate "2022.10.05"]
[SourceQuality "1"]

1. e4 c5 2. Ne2 Nc6 3. c4 Nf6 4. Nbc3 e6 5. d3 d5 6. cxd5 exd5 7. exd5 Nxd5 8. g3 Be7 9. Bg2 Nxc3 10. Nxc3 0-0 11. 0-0 Nd4 12. Be3 Be6 13. b3 Rb8 14. Rc1 b5 15. Ne4 Qb6 16. Qh5 f5 17. Ng5 Bxg5 18. Bxg5 Bf7 19. Qd1 Rbc8 20. Be3 Qd6 21. h4 Bd5 22. Bxd4 cxd4 23. Bxd5+ Qxd5 24. Qd2 f4 25. Rxc8 Rxc8 26. Qxf4 Rf8 27. Qe4 Qxe4 28. dxe4 Re8 29. f3 Rd8 30. Rd1 Kf7 31. Kf2 Ke6 32. Ke2 h6 33. Rc1 d3+ 34. Kd2 Rd7 35. Rc3 Ke5 36. Rxd3 Rc7 37. Rd5+ Ke6 38. Rxb5 Rd7+ 39. Ke2 Rc7 40. Rd5 Rc2+ 41. Rd2 Rc7 42. f4 Rb7 43. Rd3 Rb4 44. Ke3 g6 45. a4 Rb7 46. e5 Kf5 47. Kf3 h5 48. Rd6 Rxb3+ 49. Kf2 Rb2+ 50. Ke1 Rb3 51. Rf6+ Kg4 52. Rxg6+ Kh3 53. Kd2 Ra3 54. Ra6 Kxg3 55. e6 Kxf4 56. e7 Ra2+ 57. Kc3 Re2 58. Rxa7 Kg4 59. Kd3 Re6 60. Kd4 Kxh4 61. Kd5 Re1 62. Kd6 Rd1+ 63. Ke6 Re1+ 64. Kf6 Kg3 65. Ra8 Rf1+ 66. Ke6 Re1+ 67. Kd7 Rd1+ 68. Ke6 Re1+ 69. Kf7 Rf1+ 70. Kg7 Re1 71. e8Q Rxe8 72. Rxe8 h4 73. Rh8 h3 74. a5 h2 75. a6 Kg2 76. a7 h1Q 77. a8Q+ Kf2 78. Qxh1 1-0

[Event "GRE-ch Online Blitz op 1st"]
[Site "Tornelo INT"]
[Date "2021.02.07"]
[Round "16"]
[White "Pavlidou, Ekaterini"]
[Black "Antonoglou, Christos"]
[Result "1-0"]
[WhiteElo "2147"]
[BlackElo "1845"]
[PlyCount "51"]
[EventDate "2021.02.07"]
[EventType "swiss (blitz)"]
[EventRounds "16"]
[EventCountry "GRE"]
[SourceTitle "EXT 2023"]
[Source "ChessBase"]
[SourceDate "2022.10.05"]
[SourceVersion "1"]
[SourceVersionDate "2022.10.05"]
[SourceQuality "1"]

1. d4 d5 2. c4 e5 3. dxe5 d4 4. Nf3 Nc6 5. g3 Bf5 6. Bg2 Qd7 7. Nbd2 d3 8. e4 Bg4 9. h3 Bh5 10. g4 Bg6 11. a3 h5 12. g5 f6 13. exf6 gxf6 14. Nh4 Bf7 15. g6 Be6 16. b4 Ne5 17. Bb2 Ne7 18. f4 N5xg6 19. Nxg6 Nxg6 20. f5 Bxf5 21. exf5 Qxf5 22. Qf3 Qg5 23. 0-0-0 Bh6 24. Bxf6 Ne5 25. Bxg5 Nxf3 26. Nxf3 1-0

[Event "GRE-ch Online Blitz op 1st"]
[Site "Tornelo INT"]
[Date "2021.02.07"]
[Round "7"]
[White "Toumpakari, Maria"]
[Black "Antonoglou, Christos"]
[Result "0-1"]
[WhiteElo "1376"]
[BlackElo "1845"]
[PlyCount "78"]
[EventDate "2021.02.07"]
[EventType "swiss (blitz)"]
[EventRounds "16"]
[EventCountry "GRE"]
[SourceTitle "EXT 2023"]
[Source "ChessBase"]
[SourceDate "2022.10.05"]
[SourceVersion "1"]
[SourceVersionDate "2022.10.05"]
[SourceQuality "1"]

1. e4 Nf6 2. e5 Nd5 3. d4 d6 4. Be2 Nc6 5. Nf3 Bg4 6. 0-0 e6 7. c4 Nb6 8. Nbd2 Be7 9. h3 Bf5 10. b3 0-0 11. Bb2 dxe5 12. Nxe5 Nxd4 13. Bxd4 Qxd4 14. Ndf3 Qxd1 15. Rfxd1 Rad8 16. Bd3 Bxd3 17. Rxd3 Bf6 18. Rad1 Rxd3 19. Rxd3 Rd8 20. Rxd8+ Bxd8 21. Kf1 Kf8 22. Ke2 Ke7 23. Kd3 c6 24. Ng4 Nd7 25. Ne3 Bc7 26. Nc2 Ne5+ 27. Nxe5 Bxe5 28. f3 Kd6 29. Ne3 g6 30. Ng4 Bg7 31. Ne3 f5 32. Nf1 e5 33. Nd2 Bh6 34. Nf1 Kc5 35. Kc3 a6 36. a4 Bg7 37. Kc2 Kb4 38. Ng3 Kc5 39. Ne2 Bh6 0-1

[Event "GRE-chT 44th"]
[Site "Achaia"]
[Date "2016.07.05"]
[Round "1.2"]
[White "Antonoglou, Christos"]
[Black "Goumas, Georgios"]
[Result "0-1"]
[WhiteElo "1956"]
[BlackElo "2392"]
[PlyCount "78"]
[EventDate "2016.07.05"]
[EventType "team-swiss"]
[EventRounds "7"]
[EventCountry "GRE"]
[SourceTitle "CBM 173 Extra"]
[Source "ChessBase"]
[SourceDate "2016.08.29"]
[SourceVersion "1"]
[SourceVersionDate "2016.08.29"]
[SourceQuality "1"]
[WhiteTeam "Alexandroupolis Ethnikos"]
[BlackTeam "Nikaia Fysiolatris"]
[WhiteTeamCountry "GRE"]
[BlackTeamCountry "GRE"]

1. c4 c5 2. Nc3 g6 3. g3 Bg7 4. Bg2 Nc6 5. a3 e6 6. Rb1 Nge7 7. b4 d6 8. e3 Ne5 9. bxc5 Nd3+ 10. Kf1 dxc5 11. Bxb7 Bxb7 12. Rxb7 0-0 13. Nge2 Nc6 14. Qa4 Nxc1 15. Nxc1 Qxd2 16. N3e2 Ne5 17. Kg2 Rad8 18. h3 g5 19. Qxa7 Qc2 20. Rf1 Rd2 21. Rc7 Qe4+ 22. f3 Qxe3 23. Qxc5 Rxe2+ 24. Nxe2 Qxe2+ 25. Rf2 Qe1 26. Rc8 h6 27. Rxf8+ Bxf8 28. Qd4 Nc6 29. Qd2 Qe5 30. Re2 Qc7 31. Re4 Bxa3 32. h4 Be7 33. hxg5 hxg5 34. f4 Qb7 35. Kh2 Qb1 36. Qg2 Qd1 37. Re2 Nd4 38. Rf2 g4 39. Qf1 Qb3 0-1